iMath 8 / (Record no. 5220)

MARC details
000 -LEADER
fixed length control field 00653nam a22002057a 4500
003 - CONTROL NUMBER IDENTIFIER
control field OSt
005 - DATE AND TIME OF LATEST TRANSACTION
control field 20251104004905.0
008 - FIXED-LENGTH DATA ELEMENTS--GENERAL INFORMATION
fixed length control field 251028b |||||||| |||| 00| 0 eng d
020 ## - INTERNATIONAL STANDARD BOOK NUMBER
International Standard Book Number 978-971-9980-37-2
040 ## - CATALOGING SOURCE
Original cataloging agency DWCL - Main Lib
Transcribing agency OC
082 ## - DEWEY DECIMAL CLASSIFICATION NUMBER
Edition number 2nd
Classification number Res. 510 L321 2023
100 ## - MAIN ENTRY--PERSONAL NAME
Personal name Lardizabal, Jaigie B.
245 ## - TITLE STATEMENT
Title iMath 8 /
Statement of responsibility, etc. Jaigie B. Lardizabal
260 ## - PUBLICATION, DISTRIBUTION, ETC.
Place of publication, distribution, etc. Cainta Rizal, Philipines :
Name of publisher, distributor, etc. iBook Publishing House,
Date of publication, distribution, etc. c2023.
300 ## - PHYSICAL DESCRIPTION
Extent x, 357 pages :
Other physical details color illustrations ;
Dimensions 25 cm.
490 ## - SERIES STATEMENT
Series statement K to 12 Curriculum Series
650 ## - SUBJECT ADDED ENTRY--TOPICAL TERM
Topical term or geographic name entry element 1. Mathematics - Algebra
700 ## - ADDED ENTRY--PERSONAL NAME
Personal name I. Karen C. Flores
942 ## - ADDED ENTRY ELEMENTS (KOHA)
Source of classification or shelving scheme Dewey Decimal Classification
Koha item type Book- Reserved
Edition 2nd
Call number suffix Res.
Suppress in OPAC No
952 ## - LOCATION AND ITEM INFORMATION (KOHA)
--
952 ## - LOCATION AND ITEM INFORMATION (KOHA)
--
952 ## - LOCATION AND ITEM INFORMATION (KOHA)
--
Holdings
Withdrawn status Lost status Source of classification or shelving scheme Damaged status Not for loan Home library Current library Shelving location Date acquired Source of acquisition Total Checkouts Full call number Barcode Date last seen Copy number Price effective from Koha item type Uniform Resource Identifier
    Dewey Decimal Classification     Junior High School Library Junior High School Library Reserved 09/11/2024 Library Fund   Res. 510 L321 2023 JHS - 21385 10/28/2025 c3 10/28/2025 BK-0 CIRC
    Dewey Decimal Classification     Junior High School Library Junior High School Library Reserved 09/11/2024 Library Fund   Res. 510 L321 2023 JHS - 21384 10/28/2025 c2 10/28/2025 BK-0 CIRC
    Dewey Decimal Classification     Junior High School Library Junior High School Library Reserved 09/11/2024 Library Fund   Res. 510 L321 2023 JHS - 21383 10/28/2025 c1 10/28/2025 BK-0 CIRC